Oxford dictionary of computing

Bibliographic Details
Format: Book
Published: Oxford : Oxford University Press , 2004
Edition:5th ed
Subjects:

MARC

LEADER 00000cam a2200000 7i4500
001 0000098288
005 20060316.0
020 |a 0198608772 
090 0 0 |a 004   |b OXF 
245 1 0 |a Oxford dictionary of computing 
250 |a 5th ed 
260 |a Oxford :   |b Oxford University Press ,   |c 2004 
300 |a 584p. ;   |c 20cm. 
650 0 0 |a Computing   |x Dictionary 
999 |a 00189706   |b BUKU   |c RUJUKAN   |e PERPUSTAKAAN KOMUNITI PETALING JAYA